<?xml version="1.0" encoding="UTF-8"?>
<collection xmlns="http://www.loc.gov/MARC21/slim">
 <record>
  <leader>     na                 </leader>
  <controlfield tag="001">INLIS000000000005406</controlfield>
  <controlfield tag="005">20250815095916</controlfield>
  <datafield tag="035" ind1=" " ind2=" ">
   <subfield code="a">0010-0825000179</subfield>
  </datafield>
  <controlfield tag="008">250815                |          | |  </controlfield>
  <datafield tag="245" ind1="1" ind2=" ">
   <subfield code="a">Analisis Kepuasan Pelanggan Dengan Importance Performance Analysis (IPA) Pada Mega Jaya Motor Tenggarong /</subfield>
   <subfield code="c">Iwan</subfield>
  </datafield>
  <datafield tag="100" ind1=" " ind2=" ">
   <subfield code="a">Iwan, Iwan</subfield>
  </datafield>
  <datafield tag="260" ind1=" " ind2=" ">
   <subfield code="a">Tenggarong :</subfield>
   <subfield code="b">FEBIS-Universitas Kutai Kartanegara,</subfield>
   <subfield code="c">2023</subfield>
  </datafield>
  <datafield tag="300" ind1=" " ind2=" ">
   <subfield code="a">85 hlm. ;</subfield>
   <subfield code="c">21x30 cm</subfield>
  </datafield>
  <datafield tag="084" ind1=" " ind2=" ">
   <subfield code="a">658 IWA A C.1</subfield>
  </datafield>
  <datafield tag="520" ind1=" " ind2=" ">
   <subfield code="a">Iwan, 2023, &quot;Analysis of Customer Satisfaction with Importance Performance Analysis (IPA) at Mega Jaya Motor Tenggarong&quot; Thesis, Faculty of Economics and Business, University of Kutai Kartanegara guidance from Mr. Erwinsyah, SH. SE M.Sc.,CLA and Mr. Heru Suprapto, SE, M.SI&lt;br/&gt;The purpose of this study is to find out how the level of performance attribute dimensions of service at the Mega Jaya Motor Tenggarong workshop using the importance performance analysis method&lt;br/&gt;This study uses quantitative data obtained from questionnaire data. The mumber of research samples was 78 people with the method of taking random sampling. The analysis tool uses the importance performance analysis analysis&lt;br/&gt;From the results of the analysis, the average performance value is 2.69, this value lies in the interval 2.50-3.25, which means that the performance level is in the good category. This result is reinforced by the IPA method showing that most of the service attributes have 14 negative values. From the results of 22 attributes, there are only 8 positive gap attributes which are considered to have exceeded importance. So that the first hypothesis in this study was accepted. &lt;br/&gt;From the results of the analysis, the average value of the importance level is 2.77, this value lies in the interval 2.50-3.25, which means that the level of customer interest in Mega Jaya Motor Tenggarong is in the important category. From the results of the 22 attributes/indicators assessed there were 14 negative gap attributes indicating a level of importance beyond perceived performance. So the second hypothesis is accepted. &lt;br/&gt;After the the performance values and interests are obtained, then a Cartesian diagram can be formed which is divided into four quadrants A, B, C and D. The final result is that four (4) attributes enter quadrant A, namely attributes 1, 3, 14, and 20, in quadrant B there are eight (8) attributes, namely attributes 2, 5, 6, 8, 12, 13, 15, and 16. In quadrant C there are six attributes, namely attributes 7, 10, 11, 19, 21 and 22. Finally in quadrant D includes four attributes, namely attributes 4, 9, 17, and 18. From this comparison, it is clear that the main focus of Mega Jaya Motor Tenggarong is on quadrant B because in this quadrant the customer satisfaction attribute is included with the most eight attributes. Attributes that are in quadrant B are attributes that are considered important by respondents and the performance received in practice is considered to be in accordance with consumer expectations. This means that Mega Jaya Motor Tenggarong must maintain the attributes in this quadrant because they have met consumer expectations. So it was decided that the third hypothesis in this study was rejected. &lt;br/&gt;</subfield>
  </datafield>
  <datafield tag="082" ind1=" " ind2=" ">
   <subfield code="a">658</subfield>
  </datafield>
  <datafield tag="650" ind1=" " ind2="4">
   <subfield code="a">Manajemen Umum</subfield>
  </datafield>
  <datafield tag="990" ind1=" " ind2=" ">
   <subfield code="a">250813110008671</subfield>
  </datafield>
 </record>
</collection>
